After the waves (Record no. 6091)
[ view plain ]
| 000 -LEADER | |
|---|---|
| fixed length control field | 00535nam a22001817a 4500 |
| 005 - DATE AND TIME OF LATEST TRANSACTION | |
| control field | 20251203011646.0 |
| 008 - FIXED-LENGTH DATA ELEMENTS--GENERAL INFORMATION | |
| fixed length control field | 251203b |||||||| |||| 00| 0 eng d |
| 020 ## - INTERNATIONAL STANDARD BOOK NUMBER | |
| ISBN | 9789551772338 |
| 082 ## - DDC Classification | |
| DDC Edition Number | 22 |
| Class No. | 303.48 |
| Item Number - Author Mark | AFT |
| 245 ## - TITLE STATEMENT | |
| Title | After the waves |
| Remainder of title | The Imapct of the Tsunami on Wowen in Sri Lanka |
| 250 ## - EDITION STATEMENT | |
| Edition statement | 2nd. Ed. |
| 260 ## - PUBLICATION, DISTRIBUTION, ETC. | |
| Place of publication, distribution, etc. | Colombo |
| Name of publisher, distributor, etc. | Social Scientist Association |
| Date of publication, distribution, etc. | 2009 |
| 300 ## - PHYSICAL DESCRIPTION | |
| Extent (e.g. Volumes, Pages etc.) | iv, 304 p. |
| 700 ## - ADDED ENTRY--PERSONAL NAME | |
| Personal name | De Mel, Neloufer. |
| Relator term (Role) | Editor |
| 700 ## - ADDED ENTRY--PERSONAL NAME | |
| Personal name | Ruwanpura, Kanchana N. |
| Relator term (Role) | Editor |
| 700 ## - ADDED ENTRY--PERSONAL NAME | |
| Personal name | Samarasinghe, gameela. |
| Relator term (Role) | Editor |
| 942 ## - Koha item type (Biblio) | |
| Koha item type | Books in Stacks (Lending) |
| Lost status | Damaged status | Collection code | Home library | Current library | Shelving location | Source of acquisition | Cost, normal purchase price | Date acquired | Full call number | Accession Number | Item type |
|---|---|---|---|---|---|---|---|---|---|---|---|
| Lending | WERC Library | WERC Library | Social Science Cupboard | Purchase | 569.00 | 12/03/2025 | 303.48 AFT | 2403-2nd | Books in Stacks (Lending) |
